Los efectos de la inestabilidad económica y política en el mercado agropecuario argentino (Registro nro. 12365)

Detalles MARC
000 -LEADER
fixed length control field 00388 a2200121 4500
001 - CONTROL NUMBER
control field ART_45709
005 - DATE AND TIME OF LATEST TRANSACTION
control field 20260410161630.0
008 - FIXED-LENGTH DATA ELEMENTS--GENERAL INFORMATION
fixed length control field 260409a
100 1# - MAIN ENTRY--PERSONAL NAME
Personal name Fano, Diego G.
245 10 - TITLE STATEMENT
Title Los efectos de la inestabilidad económica y política en el mercado agropecuario argentino
700 1# - ADDED ENTRY--PERSONAL NAME
Personal name Gibson, Victoria E.
773 0# - HOST ITEM ENTRY
Title Enfoques
Related parts - Nº 4 (abr. 2018)
Record control number REV416

No hay ítems disponibles.